All La Liga relegated teams ever - Statistics

General Stats
  • This quiz has been taken 218 times
    208 since last reset
  • The average score is 32 of 58
Answer Stats
Year Answer % Correct
1986 Valencia C.F.
91%
1969 R.C.D. Espanyol
89%
1945 Deportivo de La Coruña
88%
1930 Atlético de Madrid
86%
1940 Real Betis
85%
2016 Getafe C.F.
84%
1935 Real Sociedad
84%
1968 Sevilla F.C.
84%
1951 Málaga C.F.
82%
1941 Real Zaragoza
80%
1944 Celta de Vigo
79%
2019 Girona F.C
79%
1965 Levante U.D.
75%
1981 A.D. Almería
74%
1966 Real Mallorca
74%
2015 U.D. Almería
74%
1980 Rayo Vallecano
73%
1960 Las Palmas U.D.
72%
1961 Granada C.F.
71%
1958 Real Valladolid
71%
1978 Cádiz F.C.
70%
1940 Racing de Santander
68%
1948 Sporting de Gijón
68%
1936 Real Oviedo
67%
1971 Elche C.F.
66%
2019 S.D. Huesca
66%
1936 C.A. Osasuna
61%
1962 C.D. Tenerife
61%
1933 Deportivo de Alavés
60%
1941 Real Murcia
60%
2013 Villarreal C.F.
59%
1969 Córdoba C.F.
57%
1996 Albacete Balompié
56%
2020 C.D. Leganés
56%
1946 Hércules C.F.
55%
1979 Recreativo de Huelva
52%
1981 U.D. Salamanca
46%
2001 C.D. Numancia
45%
2010 Xérez C.D.
44%
1980 Burgos C.F.
41%
1973 Real Burgos
41%
1950 Gimnastic de Tarragona
36%
1997 C.F. Extremadura
33%
1954 Real Jaén C.F.
33%
1947 C.D. Castellón
32%
1956 Cultural Leonesa
31%
1945 Sabadell C.F.
29%
1998 S.D. Compostela
28%
1994 U.E. Lleida
28%
1996 C.P. Mérida
27%
1997 C.D. Logroñés
26%
1932 Real Union Club de Irún
26%
1946 C.D. Alcoyano
21%
1952 Atlético Tetuán
20%
1964 Pontevedra C.F.
19%
1957 C.D. Condal
16%
1935 Arenas de Guecho
8%
1931 C.E. Europa
4%
No matching quizzes found
Score Distribution
Percent of People with Each Score
Percentile by Number Answered
Your Score History
You have not taken this quiz since the last reset